Manifest verejných priestorov manuál verejných priestorov

Salvato in:
Dettagli Bibliografici
Autore principale: Žitňanský, Roman
Altri autori: Nováček, Oto, Lukačovič, Adam
Natura: Libro
Lingua:slovacco
Pubblicazione: Bratislava Metropolitný inštitút Bratislavy 2021
Edizione:1. vydanie
Soggetti:
Tags: Aggiungi Tag
Nessun Tag, puoi essere il primo ad aggiungerne!!

MARC

LEADER 00000nam a2200000 4500
001 0291897
005 20240416114205.8
020 |a 978-80-973834-0-4 
020 |a 978-80-973834-1-1 
041 0 |a slo 
044 |a SK 
245 1 0 |a Manifest verejných priestorov  |b manuál verejných priestorov  |c Roman Žitňanský ... [et al.] 
250 |a 1. vydanie 
264 1 |a Bratislava  |b Metropolitný inštitút Bratislavy  |c 2021 
300 |a 95 s. 
610 2 0 |a správa verejná 
610 2 0 |a samospráva 
610 2 0 |a mestá 
610 2 0 |a urbanizmus 
100 1 |a Žitňanský, Roman 
700 1 |a Nováček, Oto 
700 1 |a Lukačovič, Adam